• 首页
  • 本馆介绍
  • 公告通知
  • 最新文献
  • 馆藏检索
  • 电子资源
  • 读者导购
  • 参考咨询
  • 我的图书馆
  • 登录
  • 详细信息显示
  • 放入我的书架
  • 预约/预借图书
  • 作者相关作品
  • 分类相关作品
  • 丛书相关作品
  • 出版社相关作品

书目信息

  • 表格格式
  • 工作单格式
  • 卡片格式
题名:
基于VxWorks的嵌入式系统及实验
    
 
作者: 徐惠民 主编
分册:  
出版信息: 北京   北京邮电大学出版社  2006
页数: 342页
开本: 23cm
丛书名:
单 册:
中图分类: TP316.2
科图分类:
主题词: 实时操作系统
电子资源:
ISBN: 7-5635-1331-0
000 00868nam0 2200229 450
001 012007172974
005 20070618175100.87
010    @a7-5635-1331-0@dCNY35.00
100    @a20070509d2006 km y0chiy0120 ea
101 0  @achi
102    @aCN@b110000
105    @aa z 000yy
106    @ar
200 1  @a基于VxWorks的嵌入式系统及实验@Aji yu VxWorks de qian ru shi xi tong ji shi yan@f徐惠民主编@Fxu hui min zhu bian
210    @a北京@c北京邮电大学出版社@d2006
215    @a342页@c图@d23cm
330    @a本书介绍了VxWorks实时操作系统的嵌入式系统原理和应用。全书分为理论基础和实验两个部分。理论基础部分包括:嵌入式系统概述,实时系统的基本理论、嵌入式系统硬件基本等。实验部分包括:内核基本功能实验、基础应用性实验等。
606 0  @a实时操作系统
690    @aTP316.2@v4
701  0 @a徐惠民@Axu hui min@4主编
801  0 @aCN@bRULIN@c20070618
905    @dTP316.2@e84@s8
    
    基于VxWorks的嵌入式系统及实验/徐惠民主编.-北京:北京邮电大学出版社,2006
    342页:图;23cm
    
    
    ISBN 7-5635-1331-0:CNY35.00
    本书介绍了VxWorks实时操作系统的嵌入式系统原理和应用。全书分为理论基础和实验两个部分。理论基础部分包括:嵌入式系统概述,实时系统的基本理论、嵌入式系统硬件基本等。实验部分包括:内核基本功能实验、基础应用性实验等。
●
相关链接 在E读中查询图书 在五车中查询图书 在当当中查询图书 在豆瓣中查询图书


正题名:基于VxWorks的嵌入式系统及实验     索取号:TP316.2/84         预约/预借

序号 登录号 条形码 馆藏地/架位号 状态 备注
1 0574923   205749234   第二样本阅览室/ [索取号:TP316.2/84] 在馆    
2 0574924   205749243   第三借阅区/ [索取号:TP316.2/84] 在馆    
3 0574925   205749252   第三借阅区/ [索取号:TP316.2/84] 在馆    
4 0574926   205749261   第三借阅区/ [索取号:TP316.2/84] 在馆    
5 0574927   205749270   第三借阅区/ [索取号:TP316.2/84] 在馆    
6 0574928   205749289   第三借阅区/ [索取号:TP316.2/84] 在馆    
7 0574929   205749298   第三借阅区/ [索取号:TP316.2/84] 在馆    
8 0574930   205749305   第三借阅区/ [索取号:TP316.2/84] 在馆    
唐山师范学院图书馆 欢迎您!
大连网信软件有限公司© 版权所有